000 00448nam a2200181Ia 4500
001 18224
005 20260306171615.0
008 260306s9999||||xx |||||||||||||| ||und||
041 _aESP
082 _a658.4013
_bJ17
100 _aJaime Eslava, José de
_eAUT
245 0 _aLa gestión del control interno en la empresa
260 _c2011
300 _a105 páginas :
_c30 cm.
650 _aGEN
654 _aCAN
942 _cLIB
_dJUS
_fJUS
_2ddc
_n
999 _c18224
_d18224